000 00315 a2200157 4500
001 164009
020 _a
040 _cMagnum
100 _aSiqueira, Ana
240 1 0 _aPedro, o grande
_lpor
245 1 0 _aPedro, o grande
362 0 _a1899
440 1 _aLĂȘ
697 _aIJ/SOCIEDADE COTIDIANO
942 _cBK
999 _c164009
_d164009